| 000 | 00668cam a22002413a 4500 | ||
|---|---|---|---|
| 001 | 15524 | ||
| 003 | PGUSA | ||
| 005 | 20140828083330.0 | ||
| 008 | 050402s2005||||xxu|||||s|||||000 p eng d | ||
| 040 |
_aPGUSA _beng |
||
| 042 | _adc | ||
| 050 | 4 | _aPR | |
| 100 | 1 |
_aDennis, C. J. _q(Clarence James), _d1876-1938 |
|
| 245 | 1 | 0 |
_aDigger Smith _h[electronic resource] / _cC. J. Dennis |
| 260 |
_bProject Gutenberg, _c2005 |
||
| 506 | _aPublic domain in the USA. | ||
| 516 | _aElectronic text | ||
| 653 | _aAustralian poetry | ||
| 700 | 1 |
_aGye, Hal, _d1888-1967 |
|
| 830 | 0 |
_aProject Gutenberg _v15524 |
|
| 856 | 4 | 0 | _uhttp://www.gutenberg.org/ebooks/15524 |
| 942 | _cEB | ||
| 999 |
_c244779 _d244779 |
||